The dove in the eagle's nest (Record no. 168078)

MARC details
000 -LEADER
campo de control de longitud fija 00908nam a2200217 i 4500
001 - NÚMERO DE CONTROL
campo de control 168078
003 - IDENTIFICADOR DE NÚMERO DE CONTROL
campo de control ES-MaACL
005 - FECHA Y HORA DE LA ÚLTIMA TRANSACCIÓN
campo de control 20230906213657.0
008 - DATOS DE LONGITUD FIJA--INFORMACIÓN GENERAL
campo de control de longitud fija 030808s1866 gw |||| | eng d
040 ## - FUENTE DE CATALOGACIÓN
Centro catalogador/agencia de origen CCPB | B
Lengua de catalogación spa
Centro/agencia transcriptor CCPB | B
100 1# - ENTRADA PRINCIPAL--NOMBRE DE PERSONA
Nombre de persona Yonge, Charlotte Mary (
Fechas asociadas al nombre 1823-1901)
9 (RLIN) 133993
245 14 - MENCIÓN DEL TÍTULO
Título The dove in the eagle's nest
Resto del título : in two volumes /
Mención de responsabilidad, etc. by the author of "The heir of Redclyffe".
250 ## - MENCION DE EDICION
Mención de edición Copyright ed.
260 ## - PUBLICACIÓN, DISTRIBUCIÓN, ETC.
Lugar de publicación, distribución, etc. Leipzig :
Nombre del editor, distribuidor, etc. Bernhard Tauchnitz,
Fecha de publicación, distribución, etc. 1866.
300 ## - DESCRIPCIÓN FÍSICA
Extensión 2 v. (XVI, 261 ; 250 p.) ;
Dimensiones 16 cm.
490 1# - MENCIÓN DE SERIE
Mención de serie Collections of British authors. Tauchnitz edition ;
Designación de volumen o secuencia 834-835
594 ## - Nota al título y mención de responsabilidad
Nota al título y mención de responsabilidad Según la Enciclopedia Universal Ilustrada Espasa la autora de esta obra es Charlotte Mary Yonge.
830 0# - PUNTO DE ACCESO ADICIONAL DE SERIE-TÍTULO UNIFORME
Título uniforme Collections of British authors. Tauchnitz edition ;
Designación de volumen o secuencia 834-835
9 (RLIN) 222672
852 ## - LOCALIZACIÓN
Ubicación ES-MaACL
Número de control de estantería G-12833
Nota libre -- Enc. hol.
-- -- Enc. 2 t. en 1 v.
Holdings
Estatus retirado Estado de pérdida Estado de daño No para préstamo Colección Biblioteca de origen Biblioteca actual Ubicación en estantería Fecha de adquisición Fuente de adquisición Total de préstamos Signatura topográfica completa Código de barras Visto por última vez Precio de reemplazo Tipo de ítem Koha
        Libros del s. XIX Biblioteca del Ateneo de Madrid Biblioteca del Ateneo de Madrid Sala Pecera Planta 3 17/01/2008     G-12833 1176333 23/02/2023 23/02/2023 Libro impreso antiguo